| 000 | 00761 a2200205 4500 | ||
|---|---|---|---|
| 999 |
_c7133 _d7133 |
||
| 020 | _a9781429278430 | ||
| 050 | 0 | 0 | _aHB172.5 FEE 2008 |
| 100 | 1 | _aFeenstra, Robert C. | |
| 245 | 1 | 0 |
_aInternational Macroeconomics / _cRobert C. Feenstra, University of California, Davis, Alan M. Taylor, University of California, Davis. |
| 250 | _aThird edition. | ||
| 264 | 1 |
_aNew York, NY : _bWorth Publishers, _c2014 |
|
| 300 |
_a1 volume (various pagings) : _billustrations ; |
||
| 500 | _aincludes index | ||
| 504 | _aIncludes bibliographical references | ||
| 650 | 0 | _aMacroeconomics. | |
| 650 | 0 | _aInternational economic relations. | |
| 700 | 1 |
_aTaylor, Alan M., _d1964- |
|
| 942 |
_2lcc _cBK _e3rd. _h172.5 _iFEE _kHB |
||